000 00685nam a2200277Ia 4500
001 Z_5742
003 CHAP
008 220113s2007 xx 000 0 und d
010 _a168848
020 _a978-1-84593-191-9
040 _cCHAP
082 _a636.4085 B5
100 _aBlair, Robert
_9143113
245 _aNutrition and feeding of organic pigs /
_cRobert Blair
260 _aCambridge :
_bCABI,
_c2007
300 _a322 p.
503 _a242187
650 _aGanado porcino
_xAlimentación orgánica
_9143114
650 _aGanado porcino
_xNutrición
_945390
901 _a636.4085 B5
902 _aA
910 _a2007
942 _c1
942 _cc1
999 _c168848
_d168848